<?xml version="1.0" encoding="UTF-8"?><OAI-PMH xmlns="http://www.openarchives.org/OAI/2.0/" xmlns:xsi="http://www.w3.org/2001/XMLSchema-instance"     xsi:schemaLocation="http://www.openarchives.org/OAI/2.0/ http://www.openarchives.org/OAI/2.0/OAI-PMH.xsd"><responseDate>2026-07-02T11:06:22Z</responseDate><request verb="GetRecord" identifier="oai:regmurcia.com:fintegr.3379" metadataPrefix="marc21">http://oai.regmurcia.com/oai2/oai2.php</request><GetRecord><record><header><identifier>oai:regmurcia.com:fintegr.3379</identifier><datestamp>2026-07-02</datestamp><setSpec>documentos</setSpec></header><metadata><record  xmlns="http://www.loc.gov/MARC21/slim" xmlns:xsi="http://www.w3.org/2001/XMLSchema-instance" xsi:schemaLocation="http://www.loc.gov/MARC21/slim http://www.loc.gov/standards/marcxml/schema/MARC21slim.xsd" type="Bibliographic"><leader>00000nam a2200000   4500</leader><controlfield tag="001" >005194969</controlfield><controlfield tag="003" >3379</controlfield><controlfield tag="004" >A00000000</controlfield><datafield tag="245" ind1=" " ind2=" "><subfield code="a">Provisión de Felipe III al corregidor de Murcia, ordenando enviar relación sobre los depósitos generales del reino.</subfield></datafield><datafield tag="300" ind1=" " ind2=" "><subfield code="a">3 fol.</subfield></datafield><datafield tag="351" ind1=" " ind2=" "><subfield code="a">Unidad Documental Simple</subfield><subfield code="c">Archivo de Murcia. Array</subfield><subfield code="a">Unidad Documental Simple</subfield><subfield code="c">Archivo de Murcia. Array</subfield></datafield><datafield tag="351" ind1=" " ind2=" "><subfield code="b">Nº 38</subfield></datafield><datafield tag="520" ind1=" " ind2=" "><subfield code="a">Incluye:
- Auto de Felipe III ordenando a los corregidores de sus reinos hacer relación de las características de los depósitos de cada partido, en lo referente a cantidad, personas encargadas¿ con el fin de actualizar la información que se tiene de los depósitos generales (1611-04-18. Madrid).
- Notificación de la provisión a Ginés de Almansa, depositario general de Murcia, por parte del alcalde mayor Diego López de Paro (1611-09-29. Murcia). Fol. 140r
- Notificación de Ginés de Almansa de haber cumplido la orden del rey (1611-09-28. Murcia). Fol. 141r</subfield></datafield><datafield tag="583" ind1=" " ind2=" "><subfield code="u">http://www.regmurcia.com/servlet/s.Sl?METHOD=VERDOCUMENTO&amp;sit=serv,Carmesi&amp;n=/01/356/indice.djvu</subfield></datafield><datafield tag="592" ind1=" " ind2=" "><subfield code="a">1611-07-30</subfield></datafield><datafield tag="592" ind1=" " ind2=" "><subfield code="d">1611-07-30 00:00:00</subfield></datafield><datafield tag="651" ind1=" " ind2=" "><subfield code="a">Madrid</subfield></datafield><datafield tag="786" ind1=" " ind2=" "><subfield code="o">http://www.regmurcia.com/servlet/s.Sl?METHOD=VERDOCUMENTO&amp;sit=serv,Carmesi&amp;n=/01/356/indice.djvu</subfield></datafield><datafield tag="856" ind1=" " ind2=" "><subfield code="u">http://www.regmurcia.com/servlet/s.Sl?METHOD=DETALLE&amp;sit=c,373,m,139,serv,Carmesi&amp;id=3379</subfield></datafield></record></metadata></record></GetRecord></OAI-PMH>
